Países que Comienzan por Letras Diferentes en Alemán - Estadísticas

Estadísticas generales
  • Esta prueba ha sido intentada 12 veces
  • La puntuación promedio es 26 de 43
Estadísticas de respuestas
Español País Alemán % Correcto
A Alemania D
90%
A Austria Ö
90%
E España S
90%
C Camerún K
80%
E Estados Unidos V
80%
F Filipinas P
80%
Y Yemen J
80%
Z Zambia S
80%
Z Zimbabue S
80%
C Canadá K
70%
C Chipre Z
70%
C Corea del Norte N
70%
C Corea del Sur S
70%
E Emiratos Árabes Unidos V
70%
R Reino Unido V
70%
R República Democrática del Congo D
70%
T Timor Oriental O
70%
Y Yibuti D
70%
A Arabia Saudita S
60%
C Colombia K
60%
G Guinea Ecuatorial Ä
60%
H Hungría U
60%
I Islas Marshall M
60%
I Islas Salomón S
60%
P Países Bajos N
60%
R República Checa T
60%
R República Dominicana D
60%
C Ciudad del Vaticano V
50%
C Costa de Marfil E
50%
C Cuba K
50%
E Egipto Ä
50%
E Eslovaquia S
50%
E Eslovenia S
50%
M Macedonia del Norte N
50%
R República Centroafricana Z
50%
C Camboya K
40%
C Catar K
40%
C Comoras K
40%
C Croacia K
40%
E Etiopía Ä
40%
C Cabo Verde K
20%
C Chad T
20%
S Suazilandia E
20%
No se encontraron pruebas coincidentes
Distribución de puntuación
Porcentaje de gente con cada puntuación
Porcentaje por número respondido
Historial de tus puntuaciones
No has intentado esta prueba.